000 00578nam a2200217Ia 4500
001 1752
003 GE_BSU
008 181216s||||||||xx |||||||||||||| ||und||
040 _cGE_BSU
080 _a519.2(075.8)
100 _aРозанов,Ю.А.
245 _aСлучайные прцессы. Краткий курс.
245 _bУчебное пособие для вузов
260 _aМосква
260 _bНаука
260 _c1971
300 _a287стр. 21см.
541 _h10л.
653 _aСлучайные прцессы
942 _cBK
999 _c35861
_d35861